000 00642nam a2200229Ia 4500
003 OSt
005 20220923230518.0
006 a|||||r|||| 00| 0
007 ta
008 Pun
024 _a282,694
037 _cTextual
040 _aARTS
_cARTS
_bPun
041 _2Pun
_aPun
082 _aO153,3NDH3,LD, M1
100 _aਧਾਲੀਵਾਲ, ਜਸਦੇਵ ਸਿੰਘ
245 0 _aਲੋਹੇ ਦੇ ਮਨੁੱਖ
260 _c1981
650 _aਪੰਜਾਬੀ ਸਾਹਿਤ
942 _hO153,3NDH3,LD, M1
_cTEXL
_2CC
999 _c385389
_d385389